| 000 | 01185cam a2200253 4500500 | ||
|---|---|---|---|
| 005 | 20260301001836.0 | ||
| 041 | _afre | ||
| 042 | _adc | ||
| 100 | 1 | 0 |
_aSamuels, Andrew _eauthor |
| 245 | 0 | 0 | _aUne nouvelle thérapie pour la politique ? |
| 260 | _c2026. | ||
| 500 | _a39 | ||
| 520 | _aDans son intervention, Andrew Samuels aborde quatre thèmes politiques distincts : (1) Le leadership et sa conception du leader « suffisamment bon » (2) Les inégalités économiques et les limites psychologiques de la justice et de l'équité (3) La politique cachée de la promiscuité (4) Une brève section sur la philosophie sociale islamique en relation avec les conflits mondiaux et autres conflits. | ||
| 690 | _aconflits mondiaux | ||
| 690 | _ainégalités économiques | ||
| 690 | _aislamique | ||
| 690 | _aLeadership | ||
| 690 | _aphilosophie | ||
| 690 | _apolitique | ||
| 690 | _apromiscuité | ||
| 690 | _asociale | ||
| 786 | 0 | _nRevue Quadrilingue en Psychologie Analytique | Hiver-Pritemps | 1 | 2026-01-09 | p. 57-75 | 2268-8870 | |
| 856 | 4 | 1 | _uhttps://shs.cairn.info/revue-quadrilingue-en-psychologie-analytique-2026-1-page-57?lang=fr&redirect-ssocas=7080 |
| 999 |
_c1674573 _d1674573 |
||